Segunda Expedición Botánica : (Registro nro. 1260)
[ vista simple ]
| 000 -CABECERA | |
|---|---|
| Campo de control | 00977nam a2200253 a 4500 |
| 005 - FECHA Y HORA DE LA ULTIMA TRANSACCION | |
| Campo de control | 20160211124601.0 |
| 008 - ELEMENTOS DE LONGITUD FIJA—INFORMACION GENERAL | |
| Campo de control | 911016s1986 ck a b 000 0 spa d |
| 040 ## - FUENTE DE CATALOGACIÓN | |
| Agencia catalogadora original | DNAL |
| Agencia transcriptora | DLC |
| Agencia Modificadora | DLC |
| -- | CO-BoIAVH |
| 041 ## - IDIOMA | |
| Código de idioma para texto/pista de sonido o título separado | Español |
| 042 ## - AUTHENTICATION CODE | |
| Authentication code | lccopycat |
| 082 #4 - NUMERO DE CLASIFICACION DECIMAL DEWEY | |
| Número de clasificación | 580.724 |
| Número del ítem | F97s |
| 110 2# - ASIENTO PRINCIPAL--NOMBRE CORPORATIVO | |
| Nombre corporativo o de jurisdicción como elemento de entrada | FUNBOTANICA (Organization) |
| 9 (RLIN) | 58912 |
| 245 10 - MENCION DE TITULO | |
| Título | Segunda Expedición Botánica : |
| Parte restante del título | programas y realizaciones, 1982-1986. |
| 260 ## - PUBLICACION, DISTRIBUCION, ETC. (PIE DE IMPRENTA) | |
| Lugar de publicación, distribución, etc. | Bogotá, D.E., Colombia : |
| Nombre del editor, distribuidor, etc. | Fundación Segunda Expedición Botáanica, |
| Fecha de publicación, distribución, etc. | 1986. |
| 300 ## - DESCRIPCION FISICA | |
| Extensión | 355 paginas. : |
| Otros detalles físicos | ilustraciones. ; |
| Dimensiones | 24 cm. |
| 500 ## - NOTA GENERAL | |
| Nota general | "Editor: Jaime Ayala Ramirez; colaboradores, Jorge Eliecer Ruiz ... [et al.]"--T.p. verso. |
| 500 ## - NOTA GENERAL | |
| Nota general | Errata slip inserted. |
| 504 ## - NOTA DE BIBLIOGRAFIA, ETC. | |
| Nota de bibliografía | Includes bibliographical references (p. 273-293). |
| 611 20 - ASIENTO SECUNDARIO DE MATERIA - NOMBRE DE LA REUNION | |
| Nombre de la reunión o nombre de la jurisdicción como elemento de entrada | Segunda Expedición Botánica |
| Fecha de la reunión | (1982-1986) |
| 9 (RLIN) | 58913 |
| 650 #0 - ASIENTO SECUNDARIO DE MATERIA - TERMINO TEMATICO | |
| Término temático o nombre geográfico como elemento de entrada | Botany |
| Subdivisión geográfica | Colombia. |
| 9 (RLIN) | 58914 |
| 700 2# - ASIENTO SECUNDARIO - NOMBRE PERSONAL | |
| Nombre personal | Ayala Ramírez, Jaime. |
| 9 (RLIN) | 11524 |
| 700 1# - ASIENTO SECUNDARIO - NOMBRE PERSONAL | |
| Nombre personal | Ruiz, Jorge Eliécer. |
| 9 (RLIN) | 58915 |
| 942 ## - ELEMENTOS ADICIONALES (KOHA) | |
| Sistema de clasificación | Dewey Decimal Classification |
| Tipo de ítem | Libro |
| Withdrawn status | Lost status | Sistema de Clasificación | Damaged status | No para préstamo | Colección | Inventariado | Ubicación Permanente | Ubicación actual | Fecha de adquisición | Fuente de Valor | Valor | Total Checkouts | Número topográfico | Inventario / Código de Barras | Date last seen | Date checked out | Ejemplar | Price effective from | Forma de adquisición | Tipo de material |
|---|---|---|---|---|---|---|---|---|---|---|---|---|---|---|---|---|---|---|---|---|
| Dewey Decimal Classification | General | Inventariado 2017 | Bogotá | Bogotá | 01/05/1999 | Instituto | 50000.00 | 1 | LB-580.724 F97s | 001696 | 19/06/2019 | 18/06/2019 | Ej. 1 | 04/12/2012 | Libro |